01641cam a22002775a 45000010009000000050017000090080041000260200025000670400033000920430012001250820021001372450098001582600069002563000034003254900039003595000024003985040032004225050600004546500032010546510049010866530035011357000027011709420008011979990017012059520141012221764981420151215124617.0130306t2014 enka frb 001 0 eng d a9780415497060 (pbk.) aDLCbengcDLCdDLCdEG-ScBUE aa-cc---04a330.951222bCHI00aChina constructing capitalism :beconomic life and urban change /cMichael Keith ... [et al.] aOxon ;aNew York :bRoutledge / Taylor & Francis Group,cc.2014. axiv, 330 p. :bill. ;c24 cm.0 aInternational library of sociology aIndex : p. 325-330. aBibliography : p. 296-324. 0 aIntroduction -- Chinese thought, cultural theory -- Connections, networks, culture : the institutions of Chinese capitalism -- Relational property and urban temporality : China's urbanisms in the city of experts -- Local state capitalism? : from urban hierarchy to city markets -- Chinese firms and political ties -- Property development : markets and districts -- Trading room ethnography : stuck in China -- Knowing but not doing : the financial sector in China and institutional reform -- Risk cultures : urban biographies -- Shenzhen dwelling : arrival and migrant urbanisms -- Bibliography. 0aUrban policyzChina.2BUEsh 0aChinaxEconomic policyy21st century.2BUEsh bBUSBOLcJune2015cDecember20151 aKeith, Michael,d1960- 2ddc c20051d20023 00102ddc40708AlahramaMAINbMAINc1STd2015-06-29ePurchaseg340.00h333l0o330.951 KEIp000039220r2025-07-15 00:00:00v425.00yBB